<?xml version="1.0" encoding="UTF-8"?>
<record
    xmlns:xsi="http://www.w3.org/2001/XMLSchema-instance"
    xsi:schemaLocation="http://www.loc.gov/MARC21/slim http://www.loc.gov/standards/marcxml/schema/MARC21slim.xsd"
    xmlns="http://www.loc.gov/MARC21/slim">

  <leader>01598cam a22004094a 4500</leader>
  <controlfield tag="001">12024486</controlfield>
  <controlfield tag="003">OSt</controlfield>
  <controlfield tag="005">20180116192407.0</controlfield>
  <controlfield tag="008">000530s1999    enka   | bf   001 0 eng  </controlfield>
  <datafield tag="010" ind1=" " ind2=" ">
    <subfield code="a">   00042905 </subfield>
  </datafield>
  <datafield tag="020" ind1=" " ind2=" ">
    <subfield code="a">0632037768 (hb)</subfield>
  </datafield>
  <datafield tag="020" ind1=" " ind2=" ">
    <subfield code="a">0632057718 (pbk.)</subfield>
  </datafield>
  <datafield tag="020" ind1=" " ind2=" ">
    <subfield code="a">9780632057719</subfield>
  </datafield>
  <datafield tag="040" ind1=" " ind2=" ">
    <subfield code="a">DLC</subfield>
    <subfield code="c">DLC</subfield>
    <subfield code="d">DLC</subfield>
  </datafield>
  <datafield tag="041" ind1="1" ind2=" ">
    <subfield code="a">eng</subfield>
    <subfield code="h">ger</subfield>
  </datafield>
  <datafield tag="042" ind1=" " ind2=" ">
    <subfield code="a">pcc</subfield>
  </datafield>
  <datafield tag="050" ind1="0" ind2="0">
    <subfield code="a">TH151</subfield>
    <subfield code="b">.N513 2000</subfield>
  </datafield>
  <datafield tag="082" ind1="0" ind2="0">
    <subfield code="a">721</subfield>
    <subfield code="2">21</subfield>
  </datafield>
  <datafield tag="100" ind1="1" ind2=" ">
    <subfield code="a">Neufert, Ernst.</subfield>
    <subfield code="9">7156</subfield>
  </datafield>
  <datafield tag="240" ind1="1" ind2="0">
    <subfield code="a">Bauentwurfslehre.</subfield>
    <subfield code="l">English</subfield>
  </datafield>
  <datafield tag="245" ind1="1" ind2="0">
    <subfield code="a">Architects' data /</subfield>
    <subfield code="c">Ernst and Peter Neufert.</subfield>
  </datafield>
  <datafield tag="250" ind1=" " ind2=" ">
    <subfield code="a">3rd ed. /</subfield>
    <subfield code="b">edited by Bousmaha Baiche and Nicholas Walliman.</subfield>
  </datafield>
  <datafield tag="260" ind1=" " ind2=" ">
    <subfield code="a">Oxford ;</subfield>
    <subfield code="a">Malden, MA :</subfield>
    <subfield code="b">Blackwell Science,</subfield>
    <subfield code="c">2000.</subfield>
  </datafield>
  <datafield tag="300" ind1=" " ind2=" ">
    <subfield code="a">ix, 636 p. :</subfield>
    <subfield code="b">ill. ;</subfield>
    <subfield code="c">30 cm.</subfield>
  </datafield>
  <datafield tag="504" ind1=" " ind2=" ">
    <subfield code="a">Includes bibliographical references (p. 589-594) and index.</subfield>
  </datafield>
  <datafield tag="650" ind1=" " ind2="0">
    <subfield code="a">Building</subfield>
    <subfield code="v">Handbooks, manuals, etc.</subfield>
    <subfield code="9">7157</subfield>
  </datafield>
  <datafield tag="650" ind1=" " ind2="0">
    <subfield code="a">Building</subfield>
    <subfield code="x">Planning</subfield>
    <subfield code="v">Handbooks, manuals, etc.</subfield>
    <subfield code="9">7158</subfield>
  </datafield>
  <datafield tag="650" ind1=" " ind2="0">
    <subfield code="a">Architecture</subfield>
    <subfield code="v">Handbooks, manuals, etc.</subfield>
    <subfield code="9">7159</subfield>
  </datafield>
  <datafield tag="700" ind1="1" ind2=" ">
    <subfield code="a">Neufert, Peter.</subfield>
    <subfield code="9">7160</subfield>
  </datafield>
  <datafield tag="700" ind1="1" ind2=" ">
    <subfield code="a">Baiche, Bousmaha.</subfield>
    <subfield code="9">7161</subfield>
  </datafield>
  <datafield tag="700" ind1="1" ind2=" ">
    <subfield code="a">Walliman, Nicholas.</subfield>
    <subfield code="9">7162</subfield>
  </datafield>
  <datafield tag="906" ind1=" " ind2=" ">
    <subfield code="a">7</subfield>
    <subfield code="b">cbc</subfield>
    <subfield code="c">orignew</subfield>
    <subfield code="d">1</subfield>
    <subfield code="e">ocip</subfield>
    <subfield code="f">19</subfield>
    <subfield code="g">y-gencatlg</subfield>
  </datafield>
  <datafield tag="942" ind1=" " ind2=" ">
    <subfield code="2">ddc</subfield>
    <subfield code="c">BK</subfield>
  </datafield>
  <datafield tag="999" ind1=" " ind2=" ">
    <subfield code="c">353443</subfield>
    <subfield code="d">353443</subfield>
  </datafield>
  <datafield tag="952" ind1=" " ind2=" ">
    <subfield code="0">0</subfield>
    <subfield code="1">0</subfield>
    <subfield code="2">ddc</subfield>
    <subfield code="4">0</subfield>
    <subfield code="7">0</subfield>
    <subfield code="a">SADA</subfield>
    <subfield code="b">SADA</subfield>
    <subfield code="d">2012-02-13</subfield>
    <subfield code="l">14</subfield>
    <subfield code="m">8</subfield>
    <subfield code="o">721 NEU 1999</subfield>
    <subfield code="p">SADA0001626</subfield>
    <subfield code="r">2016-01-05</subfield>
    <subfield code="s">2015-12-16</subfield>
    <subfield code="t">01</subfield>
    <subfield code="w">2012-02-13</subfield>
    <subfield code="y">BK</subfield>
  </datafield>
  <datafield tag="952" ind1=" " ind2=" ">
    <subfield code="0">0</subfield>
    <subfield code="1">0</subfield>
    <subfield code="2">ddc</subfield>
    <subfield code="4">0</subfield>
    <subfield code="7">0</subfield>
    <subfield code="a">SADA</subfield>
    <subfield code="b">SADA</subfield>
    <subfield code="d">2012-02-13</subfield>
    <subfield code="l">11</subfield>
    <subfield code="m">4</subfield>
    <subfield code="o">721 NEU 1999</subfield>
    <subfield code="p">SADA0001627</subfield>
    <subfield code="r">2015-11-11</subfield>
    <subfield code="s">2015-10-14</subfield>
    <subfield code="t">02</subfield>
    <subfield code="w">2012-02-13</subfield>
    <subfield code="y">BK</subfield>
  </datafield>
  <datafield tag="952" ind1=" " ind2=" ">
    <subfield code="0">0</subfield>
    <subfield code="1">0</subfield>
    <subfield code="2">ddc</subfield>
    <subfield code="4">0</subfield>
    <subfield code="7">0</subfield>
    <subfield code="a">SADA</subfield>
    <subfield code="b">SADA</subfield>
    <subfield code="d">2012-02-13</subfield>
    <subfield code="l">19</subfield>
    <subfield code="m">7</subfield>
    <subfield code="o">721 NEU 1999</subfield>
    <subfield code="p">SADA0001628</subfield>
    <subfield code="r">2016-08-02</subfield>
    <subfield code="s">2016-07-20</subfield>
    <subfield code="t">03</subfield>
    <subfield code="w">2012-02-13</subfield>
    <subfield code="y">BK</subfield>
  </datafield>
  <datafield tag="952" ind1=" " ind2=" ">
    <subfield code="0">0</subfield>
    <subfield code="1">0</subfield>
    <subfield code="2">ddc</subfield>
    <subfield code="4">0</subfield>
    <subfield code="7">0</subfield>
    <subfield code="a">SADA</subfield>
    <subfield code="b">SADA</subfield>
    <subfield code="d">2012-02-17</subfield>
    <subfield code="l">7</subfield>
    <subfield code="m">2</subfield>
    <subfield code="o">721NEU 1999</subfield>
    <subfield code="p">SADA0001629</subfield>
    <subfield code="r">2015-05-04</subfield>
    <subfield code="s">2015-03-30</subfield>
    <subfield code="t">04</subfield>
    <subfield code="w">2012-02-17</subfield>
    <subfield code="y">BK</subfield>
  </datafield>
  <datafield tag="952" ind1=" " ind2=" ">
    <subfield code="0">0</subfield>
    <subfield code="1">0</subfield>
    <subfield code="2">ddc</subfield>
    <subfield code="4">0</subfield>
    <subfield code="7">0</subfield>
    <subfield code="a">SADA</subfield>
    <subfield code="b">SADA</subfield>
    <subfield code="d">2012-02-17</subfield>
    <subfield code="l">4</subfield>
    <subfield code="m">3</subfield>
    <subfield code="o">721 NEU 1999</subfield>
    <subfield code="p">SADA0001630</subfield>
    <subfield code="r">2013-06-10</subfield>
    <subfield code="s">2013-05-14</subfield>
    <subfield code="t">05</subfield>
    <subfield code="w">2012-02-17</subfield>
    <subfield code="y">BK</subfield>
  </datafield>
  <datafield tag="952" ind1=" " ind2=" ">
    <subfield code="0">0</subfield>
    <subfield code="1">0</subfield>
    <subfield code="2">ddc</subfield>
    <subfield code="4">0</subfield>
    <subfield code="7">0</subfield>
    <subfield code="a">SADA</subfield>
    <subfield code="b">SADA</subfield>
    <subfield code="d">2012-02-17</subfield>
    <subfield code="l">6</subfield>
    <subfield code="m">5</subfield>
    <subfield code="o">721 NEU 1999</subfield>
    <subfield code="p">SADA0001631</subfield>
    <subfield code="r">2014-06-04</subfield>
    <subfield code="s">2014-05-06</subfield>
    <subfield code="t">06</subfield>
    <subfield code="w">2012-02-17</subfield>
    <subfield code="y">BK</subfield>
  </datafield>
  <datafield tag="952" ind1=" " ind2=" ">
    <subfield code="0">0</subfield>
    <subfield code="1">0</subfield>
    <subfield code="2">ddc</subfield>
    <subfield code="4">0</subfield>
    <subfield code="7">0</subfield>
    <subfield code="a">SADA</subfield>
    <subfield code="b">SADA</subfield>
    <subfield code="d">2012-02-17</subfield>
    <subfield code="l">5</subfield>
    <subfield code="m">1</subfield>
    <subfield code="o">721 NEU 1999</subfield>
    <subfield code="p">SADA0001632</subfield>
    <subfield code="r">2014-05-15</subfield>
    <subfield code="s">2014-05-06</subfield>
    <subfield code="t">07</subfield>
    <subfield code="w">2012-02-17</subfield>
    <subfield code="y">BK</subfield>
  </datafield>
  <datafield tag="952" ind1=" " ind2=" ">
    <subfield code="0">0</subfield>
    <subfield code="1">0</subfield>
    <subfield code="2">ddc</subfield>
    <subfield code="4">0</subfield>
    <subfield code="7">0</subfield>
    <subfield code="a">SADA</subfield>
    <subfield code="b">SADA</subfield>
    <subfield code="d">2012-02-17</subfield>
    <subfield code="l">5</subfield>
    <subfield code="m">2</subfield>
    <subfield code="o">721 NEU 1999</subfield>
    <subfield code="p">SADA0001633</subfield>
    <subfield code="r">2016-03-11</subfield>
    <subfield code="s">2016-02-22</subfield>
    <subfield code="t">08</subfield>
    <subfield code="w">2012-02-17</subfield>
    <subfield code="y">BK</subfield>
  </datafield>
  <datafield tag="952" ind1=" " ind2=" ">
    <subfield code="0">0</subfield>
    <subfield code="1">0</subfield>
    <subfield code="2">ddc</subfield>
    <subfield code="4">0</subfield>
    <subfield code="7">0</subfield>
    <subfield code="a">SADA</subfield>
    <subfield code="b">SADA</subfield>
    <subfield code="d">2012-02-17</subfield>
    <subfield code="l">8</subfield>
    <subfield code="m">2</subfield>
    <subfield code="o">721 NEU 1999</subfield>
    <subfield code="p">SADA0001634</subfield>
    <subfield code="r">2015-11-18</subfield>
    <subfield code="s">2015-11-18</subfield>
    <subfield code="t">09</subfield>
    <subfield code="w">2012-02-17</subfield>
    <subfield code="y">BK</subfield>
  </datafield>
  <datafield tag="952" ind1=" " ind2=" ">
    <subfield code="0">0</subfield>
    <subfield code="1">0</subfield>
    <subfield code="2">ddc</subfield>
    <subfield code="4">0</subfield>
    <subfield code="7">0</subfield>
    <subfield code="a">SADA</subfield>
    <subfield code="b">SADA</subfield>
    <subfield code="d">2012-02-17</subfield>
    <subfield code="l">9</subfield>
    <subfield code="m">3</subfield>
    <subfield code="o">721NEU 1999</subfield>
    <subfield code="p">SADA0001635</subfield>
    <subfield code="r">2015-06-25</subfield>
    <subfield code="s">2015-06-09</subfield>
    <subfield code="t">10</subfield>
    <subfield code="w">2012-02-28</subfield>
    <subfield code="y">BK</subfield>
  </datafield>
</record>
